| 000 | 00499 a2200133 4500 | ||
|---|---|---|---|
| 082 | _aMS-IT-9 | ||
| 100 |
_aNoman Mazhar _9106858 |
||
| 245 |
_a802. 16j Network performance analysis and relay selection _cNoman Mazhar |
||
| 260 |
_aIslamabad _bNUST-SEECS _c2012 |
||
| 300 |
_a45p. _b;ill. _c;27cm.+ _eCD ROM |
||
| 500 | _aSupervisors: Dr. Anjum Naveed, Dr. Ali Khayyam, Dr. Shahzad Younis, Dr. Aamir Shafi | ||
| 856 | _uhttp://10.250.8.41:8080/xmlui/handle/123456789/31908 | ||
| 942 |
_cPR _kMS-IT-9 NOM _2ddc |
||
| 999 |
_c11357 _d11357 |
||